000 00368nam a2200145Ia 4500
005 20251222144626.0
008 251222s9999||||xx |||||||||||||| ||spa||
020 _a968-23-2152-2
082 _a371.102/F42/2000
100 _aFernández Pérez, Miguel
245 0 _aLa Profesionalización del Docente:
250 _a4a.ed.
264 _bSiglo Ventiuno
942 _cLIB
999 _c16140
_d16140